La Divisió territorial i el sistema electoral : Bases per a una discussió política / Bases per a una discussió política /
Descripción Física:
3 pàgs. ; il. col. ; 29 cm.
Colección:
Arrel : revista editada per la Diputació de Barcelona
; Núm. 11 (octubre, 1985) ; pàgs. 12-14
MARC
| LEADER | 00000nab a2200000 a 4500 | ||
|---|---|---|---|
| 001 | 8161 | ||
| 003 | Arxiu | ||
| 005 | 20260324175956.0 | ||
| 008 | 160829s9999 xx 000 0 cat d | ||
| 100 | |a Vallès, Josep M. |q (Josep Maria), |d 1940- |9 17155 | ||
| 245 | |a La Divisió territorial i el sistema electoral : |b Bases per a una discussió política / |c Josep M. Vallès | ||
| 260 | |a Barcelona : |b Diputació de Barcelona ; |c 1985 | ||
| 300 | |a 3 pàgs. ; |b il. col. ; |c 29 cm. | ||
| 490 | |a Arrel : revista editada per la Diputació de Barcelona ; |v Núm. 11 (octubre, 1985) ; pàgs. 12-14 |x 0211-562X | ||
| 650 | 0 | |a Eleccions locals |9 32465 | |
| 651 | 0 | |a Catalunya |x Divisions administratives i polítiques |9 54246 | |
| 856 | 4 | |u https://media.diba.cat/diba/fitxers/arxiu/hemeroteca/arrel/8161/bib_8161_1984_1986_n03_a02_baixa.pdf |y bib_8161_1984_1986_baixa.pdf | |
| 856 | 4 | ||
| 901 | |a Arxiu | ||
| 942 | |n 1 |2 udc |c Articles de revista | ||
| 952 | |0 0 |1 0 |2 udc |4 0 |6 REV94 |7 1 |9 51133 |a Arxiu |b Arxiu |d 2016-12-01 |o Rev-94 |r 2016-12-01 00:00:00 |w 2016-12-01 |y ARXIU | ||
| 999 | |c 54976 |d 54976 | ||
| 900 | |a bib_8161_1984_1986_n03_a02_baixa.pdf | ||